| 000 | 00405nam a2200157Ia 4500 | ||
|---|---|---|---|
| 008 | 230721s2008 xx 000 0 und d | ||
| 020 | _a9781418015473 | ||
| 041 | _aeng | ||
| 082 | _a617.522059,KUM | ||
| 100 | _aKUMMER. | ||
| 245 | _aCLEFT PALATE & CRANIOFACIAL ANOMALIES WITH CD | ||
| 250 | _a2ND | ||
| 260 |
_b22552THOMSON DELMAR LEARNING NEW _c2008 |
||
| 300 | _a678 | ||
| 650 | _aOral Surgery | ||
| 999 |
_c707816 _d707816 |
||